Top 15 Countries with Covid-19 Cases - 6 Feb 2021 - Statistics

General Stats
  • This quiz has been taken 31 times
  • The average score is 16 of 27
Answer Stats
country % Correct
India
94%
United States
94%
Brazil
90%
France
87%
Russia
87%
Italy
84%
Mexico
81%
Spain
81%
Argentina
77%
Germany
77%
United Kingdom
77%
Colombia
71%
Poland
65%
Portugal
65%
Turkey
58%
Netherlands
55%
Belgium
52%
Czechia
52%
Sweden
52%
South Africa
48%
Switzerland
45%
Slovenia
35%
Israel
26%
Panama
23%
Georgia
19%
Bahrain
16%
Lithuania
16%
No matching quizzes found
Score Distribution
Percent of People with Each Score
Percentile by Number Answered
Your Score History
You have not taken this quiz